| 000 | 01254nam0a2200313 4500 | ||
|---|---|---|---|
| 001 | RU\NLR\bibl\1303677 | ||
| 005 | 20250615151901.0 | ||
| 010 | _a978-5-17-050964-5 | ||
| 010 |
_a978-5-271-19925-7 _bАстрель _93000 |
||
| 021 |
_aRU _b2008-79698 _94628 |
||
| 035 | _a(NLR Aleph) 001289216 | ||
| 090 |
_a548433 _c548433 |
||
| 100 | _a20081208d2008 |||y0rusy50 ca | ||
| 101 | 0 | _arus | |
| 102 | _aRU | ||
| 105 | _aa ||||||||| | ||
| 200 | 1 |
_aРастяжка расслаблением _eсупергибкость за счет снижения мышечного напряжения. Эффективные техники растяжки для мужчин и женщин _fПавел Цацулин |
|
| 210 |
_aМосква _cАСТ _cАстрель _d2008 |
||
| 215 |
_a141, [1] с. _cил. _d21 |
||
| 606 | 1 |
_aГибкость _xВоспитание _91404733 _3RU\NLR\auth\66279266 |
|
| 606 | 1 |
_aМышцы у спортсменов _xВлияние физической нагрузки _91367333 _3RU\NLR\auth\66258535 |
|
| 686 | _aЧ511.485.5 | ||
| 686 | _aЧ510.28 | ||
| 700 | 1 |
_aЦацулин _bП. _gПавел _4070 |
|
| 801 | 0 |
_aRU _bNLR _c20081208 _gRCR |
|
| 801 | 1 |
_aRU _bNLR _c20081208 |
|
| 942 | _cBOOK | ||
| 980 | _aNB | ||